Evaluación de tres perovskitas de bismuto como fotocatalizadores en la fotorreducción del dióxido de carbono en fase líquida
Guardado en:
| Autor principal: | |
|---|---|
| Otros Autores: | |
| Formato: | Libro |
| Lenguaje: | Spanish |
| Publicado: |
San José, Costa Rica
2022
|
| Materias: | |
| Etiquetas: |
Agregar Etiqueta
Sin Etiquetas, Sea el primero en etiquetar este registro!
|
MARC
| LEADER | 00000nam a2200000Ia 4500 | ||
|---|---|---|---|
| 003 | 013579 | ||
| 005 | 20230413142139.0 | ||
| 008 | 140114s2022 cr a 000 ||spa d | ||
| 040 | |c cru CEDI | ||
| 100 | |a Pessoa Chaves, Naomy Isabel, 1998- |9 413 | ||
| 245 | |a Evaluación de tres perovskitas de bismuto como fotocatalizadores en la fotorreducción del dióxido de carbono en fase líquida | ||
| 260 | |a San José, Costa Rica |c 2022 | ||
| 500 | |a Proyecto de graduación (licenciatura en ingeniería química)--Universidad de Costa Rica. Facultad de Ingeniería. Escuela de Ingeniería Química | ||
| 501 | |a Director de Proyecto de Graduación: Ing. Adolfo Ulate Brenes, M.Sc. | ||
| 650 | |x PEROWSKITA - EVALUACIÓN |x BISMUTO |x REDUCCION (QUIMICA) |x FOTOCATALISIS |x DIOXIDO DE CARBONO - ASPECTOS AMBIENTALES |x DIOXIDO DE CARBONO | ||
| 700 | |a Durán Herrera, Esteban, 1971- |d Director del TFG |9 151 | ||
| 942 | |c CEDI |h TFG 8730 |6 TFG_8730_000000000000000 | ||
| 999 | |c 22082 |d 22082 | ||
